000 00572nam a2200169 a 4500
008 120416s0000 ||||||||||||||||| || u
020 _a1779011369
050 _aDT 8789 Mar
100 _aMartin, David
245 1 0 _aVictoria Falls
246 _aMosi-oa-Tunya
260 _aHarare
_bAfrican Pub. Group
_c[n.d.]
300 _a96 p. : ill.
350 _a0.00
490 _aInto Africa travel guide
995 _D0.00
_FCBU-MAIN LIBRARY (Kitwe)
_H1
_I7.50
_M1
_UAVAILABLE
_WSep 20, 2006
_ZMain Library Open Access Collection
999 _c61296
_d61296